000 00519nam a2200157 a 4500
008 120416s1974 ||||||||||||||||| || u
050 _aHD 82 Bec
100 _aBeckerman, Wilfred
245 1 0 _aIn defence of economic growth
260 _aLondon
_bJonathan Cape
_c1974
300 _a287p.
350 _a0.00
650 _aECONOMIC GROWTH
650 0 _aECONOMICS
995 _D0.00
_FCBU-MAIN LIBRARY (Kitwe)
_H1
_I0.00
_M1
_UAVAILABLE
_ZAnnex Low-Usage Collection
999 _c46538
_d46538